<?xml version="1.0" encoding="UTF-8"?>
<collection xmlns="http://www.loc.gov/MARC21/slim">
 <record>
  <leader>00449pamaa2200169   4500</leader>
  <controlfield tag="001">0000012749</controlfield>
  <controlfield tag="005">20060125090000.0</controlfield>
  <datafield tag="020" ind1="0" ind2="0">
   <subfield code="a">0195060156 </subfield>
  </datafield>
  <datafield tag="082" ind1=" " ind2=" ">
   <subfield code="a">570 SHE 1989</subfield>
  </datafield>
  <datafield tag="090" ind1="0" ind2="0">
   <subfield code="a">QH308.2 </subfield>
   <subfield code="b">SHE 1989</subfield>
  </datafield>
  <datafield tag="100" ind1="1" ind2="0">
   <subfield code="a">SHERMAN </subfield>
  </datafield>
  <datafield tag="245" ind1="1" ind2="0">
   <subfield code="a">Biology : </subfield>
   <subfield code="b">a human approach  </subfield>
   <subfield code="c">Irwin W. Sherman and Vilia G. Sherman.</subfield>
  </datafield>
  <datafield tag="250" ind1="0" ind2="0">
   <subfield code="a">4th ed.</subfield>
  </datafield>
  <datafield tag="260" ind1="0" ind2="0">
   <subfield code="a">New York: </subfield>
   <subfield code="b">O.U.P., </subfield>
   <subfield code="c">1989.</subfield>
  </datafield>
  <datafield tag="300" ind1=" " ind2=" ">
   <subfield code="a">xiii, 636p.: </subfield>
   <subfield code="b">27cm.</subfield>
  </datafield>
  <datafield tag="650" ind1="0" ind2="0">
   <subfield code="a">Biology </subfield>
  </datafield>
  <datafield tag="700" ind1="1" ind2="1">
   <subfield code="a">Sherman, </subfield>
   <subfield code="h">Vilia G. </subfield>
  </datafield>
 </record>
</collection>
